banner-ar

Egyptian Atlas Sexually Transmitted Infections Gential Dermatology National Guidelines / (Record no. 60777)

MARC details
000 -الفاتح
حقل البيانات ثابتة الطول 00800nam a22002297a 4500
005 - وقت وتاريخ اخر تعامل مع التسجيلة
رقم الضبط 20240530110427.0
008 - عناصر البيانات ثابتة الطول - معلومات عامة
حقل البيانات ثابتة الطول 150326s2013 ua ao f 000 0 eng d
020 ## - الرقم الدولى المعيارى للكتب
الرقم الدولى المعيارى للكتاب 9789779010519
040 ## - مصدر الفهرسة
وكالة الفهرسة الأصلية EG-CaGPL
وكالة النسخ EG-CaGPL
082 04 - رقم تصنيف ديوى العشرى
رقم الطبعة 21
رقم التصنيف 616.951\
رقم المادة M E
100 0# - المدخل الرئيسى - إسم شخصى
الإسم الشخصى Mohamed Abdel Rahim Abdallah
245 10 - بيان العنوان
العنوان Egyptian Atlas Sexually Transmitted Infections Gential Dermatology National Guidelines /
بيان المسئوليه,etc Editors Mohamed Abdel Rahim Abdallah , Adel Botros Zaghloul
250 ## - بيان الطبعة
بيان الطبعة 1st ed.
260 ## - PUBLICATION, DISTRIBUTION, ETC. (IMPRINT)
تاريخ النشر أو التوزيع 2013.
300 ## - الوصف المادى
التعداد 90 p. :
تفاصيل ماديه اخرى للوعاء col. ill. ;
أبعاد الوعاء 24 cm.
650 0# - المدخل الاضافى بالموضوع-مصطلح موضوعى
مصطلح موضوعي Dermatology , Gential
650 0# - المدخل الاضافى بالموضوع-مصطلح موضوعى
مصطلح موضوعي Sexually Transmitted Diseases
التقسيم الفرعي العام Atlases
700 0# - المدخل الاضافى - اسم شخصى
الإسم الشخصى Adel Botros Zaghloul
الدور Joint Author
942 ## - عناصر المدخل الإضافي( كوها)
مصدر التصنيف او مخطط الترفيف Dewey Decimal Classification
Koha [default] item type كتاب
260 ## - PUBLICATION, DISTRIBUTION, ETC. (IMPRINT)
-- Cairo :
-- Mohamed Abdel Rahim Abdallah ,
Holdings
حالة التراجع حالة الفقد مصدر التصنيف او خطة الترفيف حالة تلف ليس للاعارة المكان المؤقت الموقع الحالى تاريخ الاكتساب اجمالي اﻻعارات رقم الطلب الباركود تاريخ اخر مشاهدة تاريخ تفعيل السعر نوع وعاء كوها
    ddc     مكتبة القاهرة الكبرى مكتبة القاهرة الكبرى 03/26/2015   616.951\ M E 159900 03/26/2015 03/26/2015 كتاب

Powered By

EGPV